000 00478nam a2200205Ia 4500
003 0100
008 130307s9999 xx 000 0 und d
040 _cARRUPELIB
050 _aBS1192.5.D98
100 _aDyrness, William
245 _aThemes in Old Testament theology
260 _aOxford
260 _bThe Paternoster Press
260 _c1979
300 _a252p.
300 _b23 cm.
650 _aBIBLE
650 _bPhilosophy, French--20th century
942 0 0 _02
999 _c97007
_d97007